[Event "TCh-HUN 2024-25"]
[Site "Hungary HUN"]
[Date "2024.12.15"]
[Round "4.9"]
[White "Palczert, Matyas"]
[Black "Gaal, Zsoka"]
[Result "1-0"]
[WhiteTitle "FM"]
[BlackTitle "WIM"]
[WhiteElo "2359"]
[BlackElo "2425"]
[WhiteTeam "Tuxera ANSK"]
[BlackTeam "Sentimento Ajka BSK"]
[WhiteFideId "784958"]
[BlackFideId "777765"]
[EventDate "2024.11.02"]
[EventType "team-tourn"]

1. e4 e6 2. d4 d5 3. Nc3 Bb4 4. Ne2 Nc6 5. a3 Ba5 6. b4 Bb6 7. Bb2 Nge7 8. Na4
dxe4 9. c4 a6 10. Nxb6 cxb6 11. Ng3 O-O 12. Qd2 Nf5 13. Nxf5 exf5 14. d5 Ne7 15.
O-O-O Qd6 16. Kb1 f4 17. Qd4 Qg6 18. Ka1 Re8 19. d6 Nc6 20. Qxb6 Bd7 21. Be2 Nd8
22. h4 Ba4 23. Rc1 h6 24. h5 Qg5 25. Qd4 a5 26. d7 Re7 27. b5 Ne6 28. Qd2 Qc5
29. Bg4 f5 30. Bh3 b6 31. Qd5 Qxd5 32. cxd5 Nc5 33. Bd4 Nb3+ 34. Kb2 Nxc1 35.
Rxc1 Rxd7 36. Bxf5 Rb7 37. d6 Rd8 38. Be6+ Kf8 39. Rc7 Rxc7 40. dxc7 Ra8 41.
c8=Q+ Rxc8 42. Bxc8 Bxb5 43. Bb7 Be8 44. Bxb6 Bxh5 45. Bxa5 1-0

[Event "TCh-HUN 2024-25"]
[Site "Hungary HUN"]
[Date "2024.12.15"]
[Round "4.8"]
[White "Ongut, Tamas Gunes"]
[Black "Krizsany, Laszlo"]
[Result "1/2-1/2"]
[WhiteTitle "FM"]
[BlackTitle "IM"]
[WhiteElo "2215"]
[BlackElo "2316"]
[WhiteTeam "MTK Budapest"]
[BlackTeam "Aquarena Kobanya SC"]
[WhiteFideId "770280"]
[BlackFideId "701718"]
[EventDate "2024.11.02"]
[EventType "team-tourn"]

1. e4 c6 2. d4 d5 3. e5 Bf5 4. h4 h5 5. Bd3 Bxd3 6. Qxd3 e6 7. Bg5 Qa5+ 8. Nd2
Qa6 9. c4 Bb4 10. b3 Ne7 11. Nf3 Nf5 12. O-O Nd7 13. a3 Bxd2 14. Bxd2 O-O 15.
Qc3 Rfc8 16. Rfc1 dxc4 17. bxc4 b5 18. a4 bxc4 19. Qxc4 Qxc4 20. Rxc4 Nb6 21.
Rc5 Rab8 22. a5 Nd7 23. Rc4 Rb5 24. Rac1 Nb8 25. Rb4 a6 26. g3 Rd8 27. Kg2 Rdd5
28. Rbc4 Kf8 29. R1c2 Ke8 30. Be1 Ke7 31. Bb4+ Ke8 32. Be1 Ke7 33. Bb4+ Ke8 1/2-1/2

[Event "TCh-HUN 2024-25"]
[Site "Hungary HUN"]
[Date "2024.12.15"]
[Round "4.3"]
[White "Haring, Filip"]
[Black "Berkes, Ferenc"]
[Result "0-1"]
[WhiteTitle "IM"]
[BlackTitle "GM"]
[WhiteElo "2483"]
[BlackElo "2600"]
[WhiteTeam "Kekesi SE"]
[BlackTeam "ASE Paks"]
[WhiteFideId "14933080"]
[BlackFideId "718572"]
[EventDate "2024.11.02"]
[EventType "team-tourn"]

1. e4 e6 2. d4 d5 3. Nc3 Bb4 4. Ne2 Nc6 5. a3 Ba5 6. e5 f6 7. Nf4 Qe7 8. Bb5
fxe5 9. Qh5+ Qf7 10. Bxc6+ bxc6 11. Qxe5 Nf6 12. O-O O-O 13. Bd2 Bb6 14. h3 Ba6
15. Rfe1 Rae8 16. Be3 Nd7 17. Qg5 e5 18. Nfe2 exd4 19. Nxd4 c5 20. Nc6 Bb7 0-1

[Event "TCh-HUN 2024-25"]
[Site "Hungary HUN"]
[Date "2025.03.01"]
[Round "5.1"]
[White "Sjugirov, Sanan"]
[Black "Stankovic, Milos"]
[Result "1/2-1/2"]
[WhiteTitle "GM"]
[BlackTitle "IM"]
[WhiteElo "2649"]
[BlackElo "2471"]
[WhiteTeam "Sentimento Ajka BSK"]
[BlackTeam "Maroczy SE"]
[WhiteFideId "4189302"]
[BlackFideId "938190"]
[EventDate "2024.11.02"]
[EventType "team-tourn"]

1. e4 e5 2. Nf3 Nc6 3. Bb5 a6 4. Ba4 Nge7 5. O-O Ng6 6. d4 exd4 7. Nxd4 Nxd4 8.
Qxd4 b5 9. Bb3 Bb7 10. Qd3 Bd6 11. f4 O-O 12. Nc3 Qe7 13. Bd2 Rae8 14. Rae1 Kh8
15. Kh1 Bc5 16. Nd5 Bxd5 17. Qxd5 Qd6 18. Qxd6 Bxd6 19. g3 f6 20. Kg2 c5 21. c3
c4 22. Bc2 Bc5 23. Kf3 Rd8 24. Be3 d6 25. Rd1 Rfe8 26. Bxc5 dxc5 27. Rxd8 Rxd8
28. Rd1 Rxd1 29. Bxd1 Kg8 30. Ke3 Ne7 31. Bg4 Kf7 32. Bd7 g6 33. g4 h6 34. h4 g5
35. h5 Kf8 36. a4 bxa4 37. Bxa4 Nc8 38. e5 Ke7 39. Ke4 gxf4 40. Kxf4 Ke6 41.
exf6 Kxf6 42. Bc6 Nd6 43. Bd5 a5 44. Bg8 a4 45. Bd5 Nb5 46. Bxc4 a3 47. bxa3
Nxa3 48. Be2 c4 49. Ke3 Ke5 50. Kd2 Kf4 51. Kc1 Nb5 52. Kb2 Kg5 53. Kc2 Kf4 54.
Kd2 Kg5 55. Bxc4 Nxc3 56. Kxc3 Kxg4 1/2-1/2

[Event "TCh-HUN 2024-25"]
[Site "Hungary HUN"]
[Date "2025.03.01"]
[Round "5.2"]
[White "Palkovi, Jozsef"]
[Black "Banusz, Tamas"]
[Result "0-1"]
[WhiteTitle "IM"]
[BlackTitle "GM"]
[WhiteElo "2376"]
[BlackElo "2576"]
[WhiteTeam "Maroczy SE"]
[BlackTeam "Sentimento Ajka BSK"]
[WhiteFideId "700150"]
[BlackFideId "722413"]
[EventDate "2024.11.02"]
[EventType "team-tourn"]

1. e4 c5 2. c3 Nf6 3. e5 Nd5 4. d4 cxd4 5. Nf3 Nc6 6. cxd4 d6 7. Bc4 Nb6 8. Bb5
dxe5 9. Nxe5 Bd7 10. Bxc6 Bxc6 11. Nxc6 bxc6 12. O-O g6 13. Re1 Bg7 14. Bg5 Nc8
15. Qf3 O-O 16. Qxc6 Rb8 17. Nc3 Rb6 18. Qf3 Rxb2 19. Rad1 Re8 20. d5 Nd6 21.
Ne4 Rxa2 22. Qb3 Ra6 23. Nc5 Rb6 24. Qa4 Nb5 25. Qh4 Nc3 26. Rd3 Qd6 27. Ne4
Nxe4 28. Qxe4 Rb4 29. Qe3 f6 30. Bh6 Rh4 31. Bxg7 Qxh2+ 32. Kf1 Kxg7 33. d6 Qe5
34. Kg1 Qh5 35. g3 Rh1+ 36. Kg2 Qh3+ 37. Kf3 Rxe1 0-1

[Event "TCh-HUN 2024-25"]
[Site "Hungary HUN"]
[Date "2025.03.01"]
[Round "5.3"]
[White "Prohaszka, Peter2"]
[Black "Peczely, Sebastian Zsombor"]
[Result "1-0"]
[WhiteTitle "GM"]
[BlackTitle "FM"]
[WhiteElo "2545"]
[BlackElo "2306"]
[WhiteTeam "Sentimento Ajka BSK"]
[BlackTeam "Maroczy SE"]
[WhiteFideId "726265"]
[BlackFideId "750964"]
[EventDate "2024.11.02"]
[EventType "team-tourn"]

1. Nf3 f5 2. d4 e6 3. Bf4 Nf6 4. e3 Be7 5. h3 b6 6. Be2 Bb7 7. O-O O-O 8. c4 d6
9. Bh2 Qe8 10. Nfd2 Nbd7 11. Bf3 Bxf3 12. Qxf3 Qg6 13. Qc6 Rac8 14. Nc3 Kh8 15.
Nb5 a6 16. Na7 Nb8 17. Qb7 Rcd8 18. Qxc7 Qe8 19. Qxb6 Qa4 20. b3 Qd7 21. b4 Qa4
22. b5 Qc2 23. Qa5 Ne4 24. Nxe4 Qxe4 25. bxa6 Rf6 26. Kh1 Rg6 27. Rg1 Rf8 28.
Qc7 Bh4 29. Qxd6 Rd8 30. Qf4 Nxa6 31. Qxe4 fxe4 32. Nc6 Rc8 33. Ne5 Rf6 34. g3
Bg5 35. h4 Bh6 36. Ng4 Rf7 37. Rab1 Rxc4 38. Rgc1 1-0

[Event "TCh-HUN 2024-25"]
[Site "Hungary HUN"]
[Date "2025.03.01"]
[Round "5.4"]
[White "Tesik, Csaba"]
[Black "Balog, Imre"]
[Result "1/2-1/2"]
[WhiteTitle "FM"]
[BlackTitle "GM"]
[WhiteElo "2290"]
[BlackElo "2618"]
[WhiteTeam "Maroczy SE"]
[BlackTeam "Sentimento Ajka BSK"]
[WhiteFideId "735582"]
[BlackFideId "728446"]
[EventDate "2024.11.02"]
[EventType "team-tourn"]

1. e4 e6 2. d4 d5 3. Nc3 Nc6 4. Nf3 Nf6 5. e5 Ne4 6. Bd3 Bb4 7. Bd2 Nxd2 8. Qxd2
f6 9. a3 Be7 10. O-O-O O-O 11. h4 fxe5 12. dxe5 Rxf3 13. gxf3 Nxe5 14. f4 Nxd3+
15. Qxd3 Qf8 16. Ne2 c6 17. Rdg1 Bd7 18. Rh2 Bf6 19. Ng3 Be8 20. h5 h6 21. Qe3
Qd6 22. Ne2 c5 23. Rhg2 Kf8 24. Qd3 Kg8 25. f5 Qe5 26. fxe6 Qxb2+ 27. Kd2 Bb5
28. Qg6 Kh8 29. Rg3 d4 30. Rb3 Qa2 31. Rxb5 d3 32. Nf4 Qxc2+ 33. Ke3 Bd4+ 34.
Ke4 d2+ 35. Kf3 d1=Q+ 36. Rxd1 Qxd1+ 37. Kg2 Qe1 38. Qg3 Qe4+ 39. f3 Qc2+ 40.
Kh3 b6 41. Qg6 Qf2 42. Qe4 Qf1+ 43. Kg4 Qg1+ 44. Kh3 Re8 45. Qc6 Rg8 46. e7 Qh1+
47. Kg4 Qg1+ 48. Kh3 Qh1+ 49. Kg4 Qg1+ 50. Kh3 1/2-1/2

[Event "TCh-HUN 2024-25"]
[Site "Hungary HUN"]
[Date "2025.03.01"]
[Round "5.5"]
[White "Neugebauer, Martin"]
[Black "Papp, Bence"]
[Result "1-0"]
[WhiteTitle "IM"]
[BlackTitle "FM"]
[WhiteElo "2525"]
[BlackElo "2244"]
[WhiteTeam "Sentimento Ajka BSK"]
[BlackTeam "Maroczy SE"]
[WhiteFideId "14923432"]
[BlackFideId "788384"]
[EventDate "2024.11.02"]
[EventType "team-tourn"]

1. c4 Nf6 2. Nc3 e6 3. e4 d5 4. cxd5 exd5 5. e5 d4 6. exf6 dxc3 7. Bb5+ Nc6 8.
Qe2+ Be6 9. dxc3 Qxf6 10. Nf3 Bc5 11. Ng5 h6 12. Nxe6 Qxe6 13. Qxe6+ fxe6 14.
Bf4 Bd6 15. Be3 Kf7 16. O-O-O Rad8 17. Rhe1 Rhe8 18. g3 a6 19. Be2 Be7 20. f4
Rxd1+ 21. Bxd1 Bd6 22. h4 Kf6 23. Rf1 Ke7 24. Bf3 Kd7 25. Be4 b6 26. Rd1 e5 27.
f5 Nd8 28. Kc2 Ke7 29. g4 Nf7 30. b4 Rd8 31. Kb3 c5 32. g5 a5 33. g6 Nh8 34.
bxc5 bxc5 35. Kc4 1-0

[Event "TCh-HUN 2024-25"]
[Site "Hungary HUN"]
[Date "2025.03.01"]
[Round "5.6"]
[White "Tubak, Daniel"]
[Black "Korpa, Bence"]
[Result "0-1"]
[BlackTitle "GM"]
[WhiteElo "2240"]
[BlackElo "2544"]
[WhiteTeam "Maroczy SE"]
[BlackTeam "Sentimento Ajka BSK"]
[WhiteFideId "758582"]
[BlackFideId "706671"]
[EventDate "2024.11.02"]
[EventType "team-tourn"]

1. e4 e5 2. Nf3 Nf6 3. Nxe5 d6 4. Nf3 Nxe4 5. Nc3 Nxc3 6. dxc3 Nc6 7. Be3 Be7 8.
Qd2 Ne5 9. Be2 Nxf3+ 10. Bxf3 c6 11. c4 Be6 12. b3 Bf6 13. Bd4 Bxd4 14. Qxd4
Qa5+ 15. c3 Qe5+ 16. Kf1 O-O 17. g3 Bh3+ 18. Bg2 Qf5 19. Bxh3 Qxh3+ 20. Ke2 d5
21. Rhe1 dxc4 22. Qxc4 Rad8 23. Rad1 Qh5+ 24. g4 Qxh2 25. Rxd8 Rxd8 26. Qe4 h6
27. c4 Qh3 28. Rh1 Qc3 29. Kf1 Qf6 30. Rh3 Rd4 31. Qe2 Qg6 32. Rg3 Re4 33. Qd1
Qf6 34. Kg2 g5 35. Qd7 Rf4 36. Qe8+ Kg7 37. Qe2 Qd4 38. f3 Qd6 39. Kh3 Rd4 40.
Rg2 Rd1 0-1

[Event "TCh-HUN 2024-25"]
[Site "Hungary HUN"]
[Date "2025.03.01"]
[Round "5.7"]
[White "Dudin, Gleb"]
[Black "Nagy, Daniel"]
[Result "1-0"]
[WhiteTitle "GM"]
[BlackTitle "FM"]
[WhiteElo "2510"]
[BlackElo "2277"]
[WhiteTeam "Sentimento Ajka BSK"]
[BlackTeam "Maroczy SE"]
[WhiteFideId "34184934"]
[BlackFideId "724009"]
[EventDate "2024.11.02"]
[EventType "team-tourn"]

1. c4 e6 2. Nc3 d5 3. d4 Nf6 4. cxd5 exd5 5. Bg5 c6 6. e3 Be7 7. Bd3 Nbd7 8. Qc2
O-O 9. h3 Re8 10. Nf3 a5 11. Bf4 Nf8 12. Bh2 Bd6 13. Bxd6 Qxd6 14. O-O Be6 15.
a3 N8d7 16. Rab1 h6 17. Rfc1 Rec8 18. Na4 b5 19. Nc5 a4 20. Qc3 Kf8 21. Ne5 Nb6
22. Nb7 Qe7 23. Na5 Nc4 24. Naxc6 Qd6 25. Qb4 Qxb4 26. Nxb4 Ke7 27. Rc2 Kd6 28.
Rbc1 Nd7 29. Nxd7 Bxd7 30. Kf1 Be6 31. Ke2 f6 32. f3 Ra7 33. e4 Re7 34. Kf2 Bf7
35. Re2 h5 36. Na2 Rb7 37. Nc3 Rbb8 38. Rec2 dxe4 39. fxe4 Be8 40. Na2 Bf7 41.
Nb4 Rb7 42. d5 Rbc7 43. Nc6 Rxc6 44. dxc6 Rxc6 45. Bxc4 Bxc4 46. Rd1+ Ke6 47.
Ke3 h4 48. Rd8 Rb6 49. Kd4 Rc6 50. Rh8 g5 51. Rf2 Rd6+ 52. Kc5 Ra6 53. Rf5 Bd3
54. Kd4 Rd6+ 55. Rd5 Bf1 56. Re8+ Kd7 57. Rxd6+ Kxd6 58. e5+ fxe5+ 59. Rxe5 Bxg2
60. Rxg5 Bxh3 61. Rh5 Kc6 62. Rxh4 Bf1 63. Rh6+ Kb7 64. Kc5 1-0

[Event "TCh-HUN 2024-25"]
[Site "Hungary HUN"]
[Date "2025.03.01"]
[Round "5.8"]
[White "Kopasz, Robert"]
[Black "Aveskulov, Valeriy"]
[Result "0-1"]
[WhiteTitle "FM"]
[BlackTitle "GM"]
[WhiteElo "2227"]
[BlackElo "2488"]
[WhiteTeam "Maroczy SE"]
[BlackTeam "Sentimento Ajka BSK"]
[WhiteFideId "707708"]
[BlackFideId "14109743"]
[EventDate "2024.11.02"]
[EventType "team-tourn"]

1. e4 c5 2. b3 e6 3. Bb2 d6 4. Nf3 Nf6 5. e5 dxe5 6. Nxe5 Bd6 7. Bb5+ Nbd7 8.
Na3 Bxe5 9. Bxe5 a6 10. Bxd7+ Bxd7 11. Nc4 O-O 12. Bd6 Re8 13. Bxc5 Bc6 14. f3
e5 15. Qe2 Nd5 16. Qf2 Qf6 17. O-O Nf4 18. d3 Rad8 19. Rae1 b5 20. Nd2 Ba8 21.
b4 Qf5 22. Ne4 Qg6 23. Kh1 f5 24. Nd2 a5 25. bxa5 Rc8 26. Nb3 Bd5 27. Be3 Nh5
28. Bc1 f4 29. Kg1 Ng3 30. Bb2 Nxf1 31. Kxf1 Qd6 32. Re2 Re6 33. Qe1 Rce8 34.
Bc3 Qc7 35. Bb4 Rc6 36. c3 Rh6 37. h3 Bxf3 38. gxf3 Rxh3 39. Qf2 Qd7 40. Nc5
Rh1+ 0-1

[Event "TCh-HUN 2024-25"]
[Site "Hungary HUN"]
[Date "2025.03.01"]
[Round "5.9"]
[White "Kolimar, Kristof Pal"]
[Black "Megyaszai, Balazs"]
[Result "1-0"]
[WhiteTitle "FM"]
[WhiteElo "2286"]
[BlackElo "2054"]
[WhiteTeam "Sentimento Ajka BSK"]
[BlackTeam "Maroczy SE"]
[WhiteFideId "798410"]
[BlackFideId "789461"]
[EventDate "2024.11.02"]
[EventType "team-tourn"]

1. d4 Nf6 2. c4 e6 3. g3 d5 4. Bg2 Be7 5. Nf3 O-O 6. O-O dxc4 7. Qc2 a6 8. a4
Bd7 9. Qxc4 Bc6 10. Bg5 Bd5 11. Qc2 Be4 12. Qc1 h6 13. Bxf6 Bxf6 14. Rd1 a5 15.
Nbd2 Bxf3 16. Bxf3 c6 17. e3 Na6 18. h4 Qc7 19. Nc4 Rfd8 20. Qb1 Nb4 21. Qe4 Nd5
22. Rac1 Be7 23. Qg4 Nb6 24. b3 Bf6 25. h5 Nd5 26. Be4 Be7 27. Qf3 Nb6 28. Kg2
Bf6 29. Bd3 Nxc4 30. bxc4 Rd7 31. Qe4 Rad8 32. Qh7+ Kf8 33. Be4 Ke7 34. Bf3 Qb6
35. Rb1 Qa6 36. Qc2 Kf8 37. c5 Kg8 38. Rb6 Qa8 39. Qb3 e5 40. dxe5 Bxe5 41. Rxb7
Rxd1 42. Qxf7+ Kh8 43. Bxd1 Rf8 44. Qe7 Bf6 45. Qd6 Be5 46. Qxc6 Qd8 47. Rd7 Qb8
48. Bc2 Bxg3 49. fxg3 Qb4 50. Qg6 1-0

[Event "TCh-HUN 2024-25"]
[Site "Hungary HUN"]
[Date "2025.03.01"]
[Round "5.10"]
[White "Markus, Molli Amina"]
[Black "Pasti, Anna"]
[Result "1-0"]
[WhiteTitle "WCM"]
[WhiteElo "1862"]
[BlackElo "1991"]
[WhiteTeam "Maroczy SE"]
[BlackTeam "Sentimento Ajka BSK"]
[WhiteFideId "789470"]
[BlackFideId "790834"]
[EventDate "2024.11.02"]
[EventType "team-tourn"]

1. Nf3 Nf6 2. c4 g6 3. b3 Bg7 4. Bb2 O-O 5. g3 d6 6. d4 Ne4 7. Nc3 Nxc3 8. Bxc3
c5 9. Bg2 Nc6 10. O-O Qc7 11. Qd2 e5 12. dxe5 dxe5 13. Rfd1 Re8 14. Qb2 f5 15.
Ne1 Be6 16. Nd3 b6 17. Bxc6 Qxc6 18. Nxe5 Qb7 19. Rd3 Bh6 20. Rad1 Re7 21. Rd6
Rc8 22. Rd8+ Re8 23. R8d6 Rc7 24. a3 f4 25. g4 Bg7 26. h3 g5 27. Nf3 Bxc3 28.
Qxc3 Rg7 29. Ne5 Bc8 30. R1d5 a6 31. Qd3 Qe7 32. Rd8 1-0

[Event "TCh-HUN 2024-25"]
[Site "Hungary HUN"]
[Date "2025.03.01"]
[Round "5.1"]
[White "Mihok, Oliver"]
[Black "Jobava, Baadur"]
[Result "1/2-1/2"]
[WhiteTitle "GM"]
[BlackTitle "GM"]
[WhiteElo "2522"]
[BlackElo "2587"]
[WhiteTeam "Duocor-Makoi SVSE"]
[BlackTeam "Kekesi SE"]
[WhiteFideId "728012"]
[BlackFideId "13601520"]
[EventDate "2024.11.02"]
[EventType "team-tourn"]

1. e4 e6 2. d4 d5 3. Bd3 dxe4 4. Bxe4 Nf6 5. Bf3 Nbd7 6. Nc3 Be7 7. Be3 O-O 8.
Nge2 e5 9. O-O Re8 10. Ng3 h6 11. a3 exd4 12. Bxd4 c6 13. Re1 Nc5 14. Nce4 Ncxe4
15. Nxe4 Nxe4 16. Bxe4 Be6 17. Bc3 Bc5 18. Qf3 Qg5 19. Qg3 Rad8 20. Bd3 Bd5 21.
Qxg5 hxg5 22. h3 Rxe1+ 23. Rxe1 Be6 24. Re5 Be7 25. Re1 Bc5 26. Re5 Be7 27. Re1
Bc5 28. Re5 1/2-1/2

[Event "TCh-HUN 2024-25"]
[Site "Hungary HUN"]
[Date "2025.03.01"]
[Round "5.2"]
[White "Horvath, Jozsef1"]
[Black "Csonka, Balazs"]
[Result "1/2-1/2"]
[WhiteTitle "GM"]
[BlackTitle "IM"]
[WhiteElo "2393"]
[BlackElo "2473"]
[WhiteTeam "Kekesi SE"]
[BlackTeam "Duocor-Makoi SVSE"]
[WhiteFideId "700061"]
[BlackFideId "742910"]
[EventDate "2024.11.02"]
[EventType "team-tourn"]

1. c4 Nf6 2. d4 g6 3. Nf3 Bg7 4. g3 c6 5. Nc3 d5 6. Qb3 O-O 7. Bg2 Qb6 8. O-O
Rd8 9. c5 Qxb3 10. axb3 Na6 11. Bf4 Nh5 12. Bd2 Nf6 13. Bf4 Nh5 14. Bd2 Nf6 15.
Bf4 Nh5 1/2-1/2

[Event "TCh-HUN 2024-25"]
[Site "Hungary HUN"]
[Date "2025.03.01"]
[Round "5.3"]
[White "Kovacevic, Aleksandar"]
[Black "Brunello, Sabino"]
[Result "1/2-1/2"]
[WhiteTitle "GM"]
[BlackTitle "GM"]
[WhiteElo "2447"]
[BlackElo "2518"]
[WhiteTeam "Duocor-Makoi SVSE"]
[BlackTeam "Kekesi SE"]
[WhiteFideId "903124"]
[BlackFideId "813613"]
[EventDate "2024.11.02"]
[EventType "team-tourn"]

1. Nf3 Nf6 2. g3 d5 3. Bg2 g6 4. c4 c6 5. b3 Bg7 6. Bb2 O-O 7. O-O Bf5 8. d3 a5
9. Nbd2 Na6 10. a3 Qb6 11. Qc2 Rfd8 12. cxd5 cxd5 13. Bd4 Qb5 14. Qb2 Nb8 15.
Rac1 Nc6 16. Bc3 Rac8 17. Nd4 Nxd4 18. Bxd4 Ne8 19. Bxg7 Nxg7 20. Rxc8 Bxc8 21.
Rc1 Ne6 22. Nf3 Qb6 23. b4 axb4 24. Qxb4 Qxb4 25. axb4 Bd7 26. Bh3 Nf4 27. Bf1
Ne6 28. Ne5 Be8 29. f4 f6 30. Nf3 Bd7 31. Kf2 Kf7 32. Ra1 Nc7 33. Ke3 1/2-1/2

[Event "TCh-HUN 2024-25"]
[Site "Hungary HUN"]
[Date "2025.03.01"]
[Round "5.5"]
[White "Hujbert, Florian"]
[Black "Bakos, Balazs"]
[Result "1/2-1/2"]
[WhiteTitle "IM"]
[BlackTitle "FM"]
[WhiteElo "2423"]
[BlackElo "2380"]
[WhiteTeam "Duocor-Makoi SVSE"]
[BlackTeam "Kekesi SE"]
[WhiteFideId "730165"]
[BlackFideId "725773"]
[EventDate "2024.11.02"]
[EventType "team-tourn"]

1. d4 d5 2. Nf3 c5 3. dxc5 e6 4. e3 Nc6 5. a3 Bxc5 6. b4 Be7 7. c4 dxc4 8. Qxd8+
Bxd8 9. Bxc4 Bf6 10. Ra2 Bd7 11. Nbd2 Rc8 12. O-O Ne5 13. Nxe5 Bxe5 14. b5 Nf6
15. a4 O-O 16. Ba3 Rfd8 17. Rc1 Be8 18. Rac2 Rc7 19. g3 Bd6 20. Bxd6 Rxd6 21.
Be2 Rxc2 22. Rxc2 a6 23. Nc4 Rd8 24. Na5 axb5 25. Bxb5 Bxb5 26. axb5 b6 27. Nc4
g6 28. Nxb6 Rd1+ 29. Kg2 Rb1 30. Rc7 Rxb5 31. Nc4 Ne4 32. f3 Rc5 33. Rxc5 Nxc5 1/2-1/2

[Event "TCh-HUN 2024-25"]
[Site "Hungary HUN"]
[Date "2025.03.01"]
[Round "5.6"]
[White "Istvanovszki, Martin"]
[Black "Horvath, Zsolt"]
[Result "0-1"]
[WhiteTitle "FM"]
[BlackTitle "FM"]
[WhiteElo "2310"]
[BlackElo "2378"]
[WhiteTeam "Kekesi SE"]
[BlackTeam "Duocor-Makoi SVSE"]
[WhiteFideId "726958"]
[BlackFideId "723070"]
[EventDate "2024.11.02"]
[EventType "team-tourn"]

1. d4 d5 2. Nc3 Nf6 3. Bf4 a6 4. e3 e6 5. g4 Bb4 6. Ne2 O-O 7. a3 Be7 8. Ng3 c5
9. g5 Nfd7 10. h4 Nc6 11. Bg2 cxd4 12. exd4 b5 13. Nce2 Nb6 14. b3 Bd7 15. Qd3
Rc8 16. Nh5 a5 17. Bh3 Kh8 18. Rg1 Rg8 19. Bh2 a4 20. Qf3 Qf8 21. b4 Bd6 22.
Nhf4 e5 23. Bxd7 Nxd7 24. dxe5 Ncxe5 25. Qxd5 Nb6 26. Qe4 Rc4 27. Qb7 Qc8 28.
Qxc8 Nf3+ 29. Kd1 Rgxc8 0-1

[Event "TCh-HUN 2024-25"]
[Site "Hungary HUN"]
[Date "2025.03.01"]
[Round "5.7"]
[White "Szalai, Kornel"]
[Black "Bohati, Tamas"]
[Result "1/2-1/2"]
[WhiteTitle "IM"]
[WhiteElo "2370"]
[BlackElo "2223"]
[WhiteTeam "Duocor-Makoi SVSE"]
[BlackTeam "Kekesi SE"]
[WhiteFideId "724378"]
[BlackFideId "714810"]
[EventDate "2024.11.02"]
[EventType "team-tourn"]

1. Nf3 Nf6 2. c4 g6 3. Nc3 Bg7 4. g3 O-O 5. Bg2 d5 6. cxd5 Nxd5 7. h4 Nc6 8. h5
Nxc3 9. bxc3 e5 10. hxg6 hxg6 11. Qc2 Bf5 12. e4 Bg4 13. Ba3 Re8 14. Nh2 Be6 15.
Bf1 Na5 16. Bb5 c6 17. Be2 Nc4 18. Bc1 c5 19. Ng4 Nd6 20. Ne3 f5 21. d3 Qf6 22.
c4 Qf7 23. Nd5 b5 24. f3 Rac8 25. Ba3 Qd7 26. Kf2 fxe4 27. fxe4 bxc4 28. dxc4
Bg4 29. Rac1 Bh3 30. Rcg1 Bg4 31. Rc1 1/2-1/2

[Event "TCh-HUN 2024-25"]
[Site "Hungary HUN"]
[Date "2025.03.01"]
[Round "5.8"]
[White "Blasko, Istvan"]
[Black "Tatar Kis, Szabolcs"]
[Result "1/2-1/2"]
[WhiteTitle "IM"]
[BlackTitle "IM"]
[WhiteElo "2259"]
[BlackElo "2324"]
[WhiteTeam "Kekesi SE"]
[BlackTeam "Duocor-Makoi SVSE"]
[WhiteFideId "718181"]
[BlackFideId "702595"]
[EventDate "2024.11.02"]
[EventType "team-tourn"]

1. d4 Nf6 2. c4 e6 3. Nf3 d5 4. Nc3 Bb4 5. cxd5 exd5 6. g3 Ne4 7. Bd2 Nxd2 8.
Qxd2 O-O 9. Bg2 c6 10. O-O Re8 11. Rfe1 Nd7 12. a3 Bf8 13. e4 Nb6 14. exd5 Rxe1+
15. Rxe1 cxd5 16. Ne5 Be6 17. Nd3 Rc8 18. Nf4 Rc6 19. Nxe6 fxe6 20. Bh3 Qf6 21.
Qe2 Kf7 22. Qh5+ Qg6 23. Qf3+ Qf6 24. Qh5+ Qg6 25. Qf3+ Qf6 26. Qh5+ 1/2-1/2

[Event "TCh-HUN 2024-25"]
[Site "Hungary HUN"]
[Date "2025.03.01"]
[Round "5.9"]
[White "Mihok-Juhasz, Barbara"]
[Black "Onodi, Miklos"]
[Result "1/2-1/2"]
[WhiteTitle "WIM"]
[WhiteElo "2176"]
[BlackElo "2080"]
[WhiteTeam "Duocor-Makoi SVSE"]
[BlackTeam "Kekesi SE"]
[WhiteFideId "743585"]
[BlackFideId "795739"]
[EventDate "2024.11.02"]
[EventType "team-tourn"]

1. e4 Nf6 2. e5 Nd5 3. c4 Nb6 4. d4 d6 5. exd6 cxd6 6. Nc3 g6 7. h3 Bg7 8. Nf3
O-O 9. Be2 Nc6 10. O-O Bf5 11. d5 Na5 12. Nd4 Naxc4 13. a4 a5 14. Nxf5 gxf5 15.
Re1 Qd7 16. Bg5 e6 17. Bxc4 Nxc4 18. Qh5 Nxb2 19. Re3 Nc4 20. Bh6 Nxe3 21. Bxg7
Kxg7 22. Qg5+ Kh8 23. Qf6+ Kg8 24. Qg5+ Kh8 25. Qf6+ Kg8 26. Qg5+ 1/2-1/2

[Event "TCh-HUN 2024-25"]
[Site "Hungary HUN"]
[Date "2025.03.01"]
[Round "5.10"]
[White "Balsai, Nikolett"]
[Black "Meszaros-Csonka, David"]
[Result "0-1"]
[WhiteElo "1959"]
[BlackElo "1936"]
[WhiteTeam "Kekesi SE"]
[BlackTeam "Duocor-Makoi SVSE"]
[WhiteFideId "730700"]
[BlackFideId "17012775"]
[EventDate "2024.11.02"]
[EventType "team-tourn"]

1. e4 c5 2. d4 cxd4 3. c3 Nf6 4. e5 Nd5 5. Nf3 Nc6 6. Bc4 Nb6 7. Bb3 d6 8. Ng5
e6 9. Qh5 g6 10. Qh3 Be7 11. Qh6 Bf8 12. Qh3 dxe5 13. Qf3 Qe7 14. Ne4 f5 15. Ng3
Bg7 16. h4 h6 17. Bd2 e4 18. Qd1 Ne5 19. cxd4 Nd3+ 20. Ke2 Bxd4 21. Bc3 Qc5 22.
Ba4+ Kf7 23. b4 Qc4 24. Bb3 Nf4+ 25. Kd2 Bxc3+ 26. Kc2 Qd4 27. Nxc3 Qxf2+ 28.
Nge2 Nbd5 29. Nxd5 Nxd5 30. Bxd5 exd5 31. Qxd5+ Be6 32. Qxb7+ Kf6 33. Rae1 Rhd8
34. Qb5 Rac8+ 35. Kb1 Bc4 36. Qa5 Bxe2 37. Rc1 Bd3+ 38. Ka1 Qd4+ 0-1